| 000 | 01716nam a2200553 a 4500 | ||
|---|---|---|---|
| 001 | 22215 | ||
| 003 | VRT | ||
| 005 | 20260323134039.0 | ||
| 008 | 240314s2013 xo g 000 f slo | ||
| 015 | _aSNBA2013/11 | ||
| 020 |
_a9788055135649 _q(brož.) |
||
| 035 | _a391590EE-965B-4A12-8CFC-5EB63AF2C035 | ||
| 035 | _aurn:nbn:sk:snk-amjnyy | ||
| 035 | _aurn:nbn:sk:snk-am002f8b | ||
| 039 | 9 |
_a202403140852 _bVLOAD _c201701261407 _dmbpksh02 _c201701130854 _dmbjkdg02 _c201604301051 _dVLOAD |
|
| 040 |
_aSVKBB _bslo _cSVKBB _dSNK _eAACR2 |
||
| 041 | 0 | _aslo | |
| 044 |
_axo _cSK |
||
| 072 | 7 |
_a821.162.4-3 _xSlovenská próza _2konspekt |
|
| 080 |
_a821.162.4-31 _22001 |
||
| 100 | 1 |
_aMacháčová, Adriana, _d1966- _4aut |
|
| 245 | 1 | 0 |
_aStriptíz duší _cAdriana Macháčová |
| 250 | _a1. vyd. | ||
| 260 |
_aBratislava _bIkar _c2013 |
||
| 300 |
_a244 s. _c17 cm |
||
| 490 | 1 | _aPríbehy z kabelky | |
| 655 | 7 |
_aslovenské romány _2SNKPH |
|
| 655 | 7 |
_aSlovak fiction _2SNKPHeng |
|
| 830 | 0 | _aPríbehy z kabelky | |
| 910 | _asvkbb | ||
| 910 | _attkjf | ||
| 910 | _apokpoh | ||
| 910 | _asllk | ||
| 910 | _asnk | ||
| 910 | _apppk | ||
| 910 | _ahevk | ||
| 910 | _avthk | ||
| 910 | _askpk | ||
| 910 | _abjkdg | ||
| 910 | _abpksh | ||
| 942 |
_2ddc _cKLDO _n0 |
||
| 949 |
_6273K0576582 _asvkpoA 222215 _bsvkpo575610 |
||
| 949 |
_617A1091230 _asnkSD 82554 _bsnk2013/25076 _o2327/13 |
||
| 949 |
_617A1091231 _asnkSD 82554 D1 _bsnk2013/25077 _o2327/13 _s6100:20140925 |
||
| 949 |
_6270001000433612 _asvkbbA 139545 _bsvkbbm 739282 |
||
| 949 |
_63869A18405 _abpksh821.162.4-31 _bbpksh69019 |
||
| 949 |
_63869A14049 _abpksh821.162.4-31 _bbpksh70097 |
||
| 999 |
_c22215 _d22215 |
||